000 00476nam a2200193 4500
003 LK-CoMWRAF
005 20230831114655.0
008 230831b2002 |||||||| |||| 00| 0 eng d
020 _a0785815538
040 _aLK-CoMWRAF
_dLK-CoMWRAF
_eLK-CoMWRAF
041 _aeng
082 _a811.4
_bDIC
100 _aDickinson, Emily
245 _aEmily Dickinson :
_bPoems
260 _aU. S. A.
_bCastle books
_c2002
300 _a240p
650 _aAmerican Poetry
942 _cBK
999 _c3329
_d3329